Statystyki dla Państwa Świata

Kliknij tutaj aby rozwiązać quiz!

Ogólne statystyki

  • Ten quiz został rozwiązany 2 927 229 razy
  • Średni wynik to 103 z 196

Odpowiedzi na mapie

Odpowiedzi skodowane kolorowo w zielono-czerwonej skali na mapie do tego quizu, zgodnie z poniższymi procentami.
 

Statystyki odpowiedzi

Kraj% Poprawnych
Polska
97%
Rosja
96%
Niemcy
95%
Stany Zjednoczone
95%
Francja
94%
Chiny
93%
Hiszpania
93%
Ukraina
93%
Czechy
92%
Kanada
92%
Włochy
92%
Portugalia
91%
Szwecja
91%
Wielka Brytania
91%
Białoruś
90%
Litwa
90%
Słowacja
90%
Brazylia
89%
Norwegia
89%
Australia
88%
Finlandia
88%
Japonia
88%
Łotwa
88%
Meksyk
88%
Dania
87%
Irlandia
87%
Estonia
86%
Grecja
86%
Turcja
86%
Austria
85%
Holandia
85%
Argentyna
84%
Belgia
84%
Egipt
84%
Islandia
83%
Chorwacja
82%
Indie
82%
Szwajcaria
82%
Korea Północna
80%
Korea Południowa
80%
Węgry
79%
Chile
78%
Rumunia
78%
Słowenia
78%
Kazachstan
77%
Madagaskar
75%
Bośnia i Hercegowina
74%
Bułgaria
74%
Irak
74%
Iran
74%
Albania
73%
Republika
Południowej Afryki
72%
Arabia Saudyjska
71%
Kuba
71%
Maroko
70%
Mongolia
70%
Serbia
69%
Nowa Zelandia
68%
Peru
68%
Mołdawia
67%
Niger
67%
Czarnogóra
66%
Luksemburg
66%
Kolumbia
64%
Macedonia Północna
64%
Watykan
64%
Indonezja
63%
Izrael
63%
Urugwaj
63%
Cypr
62%
Algieria
60%
Boliwia
60%
Kongo
60%
Kosowo
60%
Wenezuela
60%
Malta
59%
Nigeria
59%
Pakistan
59%
Tunezja
58%
Afganistan
57%
Andora
57%
Gruzja
57%
Monako
57%
Oman
57%
Demokratyczna
Republika Konga
56%
Filipiny
56%
Liechtenstein
56%
Wietnam
56%
Dominika
55%
Libia
55%
Zjednoczone Emiraty
Arabskie
55%
Paragwaj
54%
San Marino
54%
Ekwador
53%
Panama
53%
Sudan
53%
Tajlandia
53%
Uzbekistan
53%
Armenia
51%
Etiopia
51%
Syria
51%
Czad
50%
Jemen
50%
Azerbejdżan
49%
Kenia
49%
Dominikana
47%
Katar
47%
Nepal
47%
Somalia
46%
Turkmenistan
46%
Jamajka
45%
Malezja
45%
Sri Lanka
45%
Tadżykistan
44%
Gwinea
43%
Haiti
43%
Kostaryka
42%
Tajwan
42%
Wybrzeże Kości
Słoniowej
42%
Angola
41%
Liban
41%
Papua-Nowa Gwinea
41%
Kambodża
40%
Kirgistan
40%
Laos
40%
Bangladesz
39%
Gujana
39%
Honduras
39%
Jordania
39%
Mali
39%
Senegal
39%
Zambia
37%
Sudan Południowy
36%
Zimbabwe
36%
Malediwy
35%
Ghana
34%
Gwatemala
34%
Tanzania
34%
Bhutan
33%
Kuwejt
33%
Uganda
33%
Bahamy
32%
Mjanma
32%
Mozambik
32%
Kamerun
31%
Singapur
31%
Surinam
31%
Nikaragua
30%
Republika Zielonego
Przylądka
30%
Salwador
30%
Erytrea
29%
Fidżi
29%
Togo
29%
Belize
28%
Botswana
28%
Liberia
28%
Seszele
28%
Gabon
27%
Gwinea Równikowa
27%
Lesotho
27%
Mauretania
27%
Namibia
27%
Republika
Środkowoafrykańska
27%
Mikronezja
25%
Bahrajn
24%
Burkina Faso
24%
Rwanda
24%
Barbados
23%
Gambia
23%
Wyspy Marshalla
23%
Wyspy Świętego
Tomasza i Książeca
23%
Benin
22%
Dżibuti
22%
Gwinea Bissau
22%
Wyspy Salomona
22%
Trynidad i Tobago
21%
Eswatini
20%
Mauritius
20%
Sierra Leone
20%
Timor Wschodni
20%
Brunei
19%
Burundi
19%
Malawi
19%
Kiribati
18%
Komory
18%
Antigua i Barbuda
17%
Palau
17%
Saint Lucia
17%
Samoa
17%
Grenada
16%
Nauru
16%
Saint Kitts i Nevis
16%
Tonga
16%
Tuvalu
16%
Vanuatu
16%
Saint Vincent i
Grenadyny
15%

Rozkład punktacji

Percentyl według liczby udzielonych odpowiedzi

Procent ludzi z każdym wynikiem

Twoja historia wyników

Nie rozwiązałeś tego quizu